[Event "CAN-op U1600 (Pinnacle 48th CAN Op Ch)"]
[Site "Toronto CAN"]
[Date "2011.07.14"]
[Round "6"]
[White "Waugh, Jason"]
[Black "Law, James"]
[Result "0-1"]
[WhiteElo "851"]
[BlackElo "1462"]
[PlyCount "88"]
[GameId "2160767909707667"]
[EventDate "2011.07.09"]
[EventType "swiss"]
[EventRounds "9"]
[EventCountry "CAN"]
[SourceTitle "EXT 2022"]
[Source "ChessBase"]
[SourceDate "2021.10.06"]
[SourceVersion "1"]
[SourceVersionDate "2021.10.06"]
[SourceQuality "1"]

1. e4 e6 2. d4 d5 3. exd5 exd5 4. Qe2+ Qe7 5. Nf3 Nf6 6. Nc3 Bg4 7. Bg5 Bxf3 8. gxf3 Qxe2+ 9. Bxe2 Nbd7 10. O-O-O Be7 11. Bb5 O-O-O 12. Rde1 Bb4 13. Re3 c6 14. a3 Bd6 15. Bd3 b6 16. Bxf6 Nxf6 17. Bf5+ Kb8 18. Rhe1 Bf4 19. Kb1 Bxe3 20. fxe3 Rde8 21. e4 dxe4 22. fxe4 Rd8 23. e5 Nd5 24. Ne4 Ne7 25. Bh3 Rxd4 26. Nd6 Rf8 27. c3 Rd2 28. Kc1 Rxh2 29. Nf5 Nxf5 30. Bxf5 Rh5 31. Bg4 Rg5 32. Re4 Re8 33. e6 fxe6 34. Rxe6 Rxe6 35. Bxe6 Rg6 36. Bc4 Rd6 37. b4 h5 38. Bf1 h4 39. c4 g5 40. Bh3 Rd4 41. Kc2 g4 42. Bg2 h3 43. Bf1 h2 44. Bg2 Rf4 0-1

[Event "CAN-op U1600 (Pinnacle 48th CAN Op Ch)"]
[Site "Toronto CAN"]
[Date "2011.07.14"]
[Round "6"]
[White "Yie, Kevin Yi Xiao"]
[Black "Sirkovich, Daniel"]
[Result "1-0"]
[WhiteElo "1431"]
[BlackElo "1206"]
[PlyCount "117"]
[GameId "2160767909707668"]
[EventDate "2011.07.09"]
[EventType "swiss"]
[EventRounds "9"]
[EventCountry "CAN"]
[SourceTitle "EXT 2022"]
[Source "ChessBase"]
[SourceDate "2021.10.06"]
[SourceVersion "1"]
[SourceVersionDate "2021.10.06"]
[SourceQuality "1"]

1. d4 Nf6 2. Nf3 e6 3. Bf4 d6 4. e3 g6 5. Be2 Bg7 6. O-O O-O 7. Nbd2 b6 8. h3 Bb7 9. Re1 Nbd7 10. c4 Re8 11. Bh2 e5 12. d5 c6 13. e4 cxd5 14. exd5 Nc5 15. b4 Nce4 16. Rc1 Bh6 17. Nxe4 Bxc1 18. Nxf6+ Qxf6 19. Qxc1 Rac8 20. Qd2 Re7 21. a4 Rce8 22. Bf1 e4 23. Nd4 a6 24. Nc6 Bxc6 25. dxc6 Rc7 26. b5 axb5 27. axb5 Re6 28. Rb1 Rce7 29. Bf4 Qf5 30. Be3 Re8 31. g4 Qf6 32. Bxb6 R6e7 33. Be3 Qe6 34. b6 Rb8 35. c7 Rxc7 36. bxc7 Rxb1 37. c5 Qe8 38. cxd6 Qd7 39. c8=Q+ Qxc8 40. d7 Qd8 41. Bg5 f6 42. Bxf6 Qxf6 43. d8=Q+ Qxd8 44. Qxd8+ Kf7 45. Qd5+ Kg7 46. Qxe4 Rxf1+ 47. Kxf1 Kf7 48. Qe5 Kg8 49. Qf6 g5 50. f4 gxf4 51. h4 f3 52. h5 f2 53. Qxf2 h6 54. Qf6 Kh7 55. Qg6+ Kh8 56. Qxh6+ Kg8 57. Qf6 Kh7 58. h6 Kg8 59. Qg7# 1-0

[Event "CAN-op U1600 (Pinnacle 48th CAN Op Ch)"]
[Site "Toronto CAN"]
[Date "2011.07.14"]
[Round "6"]
[White "Yu, Stephen"]
[Black "Souchko, Larissa"]
[Result "1-0"]
[WhiteElo "1334"]
[BlackElo "1151"]
[PlyCount "107"]
[GameId "2160767909707669"]
[EventDate "2011.07.09"]
[EventType "swiss"]
[EventRounds "9"]
[EventCountry "CAN"]
[SourceTitle "EXT 2022"]
[Source "ChessBase"]
[SourceDate "2021.10.06"]
[SourceVersion "1"]
[SourceVersionDate "2021.10.06"]
[SourceQuality "1"]

1. e4 c5 2. Nf3 d6 3. d4 cxd4 4. Nxd4 Nf6 5. Nc3 e5 6. Nf3 a6 7. Bc4 Be6 8. Bxe6 fxe6 9. O-O Be7 10. Bg5 h6 11. Bxf6 Bxf6 12. Qd2 O-O 13. Rad1 Be7 14. Ne2 Nd7 15. c4 Rc8 16. b3 Nf6 17. Nc3 Nh5 18. Ne2 Qe8 19. Ng3 Nf4 20. Ne2 Rd8 21. Nxf4 Rxf4 22. Qe3 Qg6 23. Rfe1 Rdf8 24. Kh1 Rg4 25. g3 Rf6 26. Kg2 Rgf4 27. Nd2 Rh4 28. Kh1 Rh5 29. Rf1 Rh3 30. Rg1 Qf7 31. Rdf1 Qh5 32. Rg2 Qf7 33. Nb1 Rf3 34. Qd2 Bg5 35. Qc2 Be3 36. Qe2 Bd4 37. Nd2 Rf6 38. b4 b6 39. Nb3 a5 40. Nxd4 exd4 41. bxa5 bxa5 42. e5 Rf5 43. exd6 Qd7 44. f4 Qxd6 45. Re1 Qc5 46. Qxe6+ Kh7 47. Re5 Rxe5 48. Qxe5 Qxe5 49. fxe5 Kg8 50. Re2 Kf8 51. c5 Rh5 52. c6 Ke7 53. c7 Kd7 54. e6+ 1-0

[Event "CAN-op U1600 (Pinnacle 48th CAN Op Ch)"]
[Site "Toronto CAN"]
[Date "2011.07.15"]
[Round "7"]
[White "Cui, Gordon"]
[Black "France, Kyle"]
[Result "1-0"]
[WhiteElo "1303"]
[BlackElo "1490"]
[PlyCount "59"]
[GameId "2160767909707670"]
[EventDate "2011.07.09"]
[EventType "swiss"]
[EventRounds "9"]
[EventCountry "CAN"]
[SourceTitle "EXT 2022"]
[Source "ChessBase"]
[SourceDate "2021.10.06"]
[SourceVersion "1"]
[SourceVersionDate "2021.10.06"]
[SourceQuality "1"]

1. e4 e6 2. d4 d5 3. Nc3 Bb4 4. e5 c5 5. dxc5 Qc7 6. Bb5+ Bd7 7. Bxd7+ Nxd7 8. Bf4 Ngf6 9. Qd4 Bxc3+ 10. Qxc3 Ne4 11. Qd4 Qa5+ 12. c3 Qxc5 13. f3 Qb5 14. b4 g5 15. Bc1 Rc8 16. fxe4 Rc4 17. a4 Qc6 18. exd5 exd5 19. Qd2 Re4+ 20. Kd1 Nxe5 21. Nh3 f6 22. Re1 Rc4 23. Nxg5 O-O 24. b5 Qd7 25. Nf3 Nxf3 26. gxf3 Qf5 27. Re3 Kf7 28. Qd3 Qh5 29. Ba3 Rg8 30. Re7+ 1-0

[Event "CAN-op U1600 (Pinnacle 48th CAN Op Ch)"]
[Site "Toronto CAN"]
[Date "2011.07.15"]
[Round "7"]
[White "Dattani, Dinesh"]
[Black "Sirkovich, Daniel"]
[Result "0-1"]
[WhiteElo "1379"]
[BlackElo "1206"]
[PlyCount "58"]
[GameId "2160767909707671"]
[EventDate "2011.07.09"]
[EventType "swiss"]
[EventRounds "9"]
[EventCountry "CAN"]
[SourceTitle "EXT 2022"]
[Source "ChessBase"]
[SourceDate "2021.10.06"]
[SourceVersion "1"]
[SourceVersionDate "2021.10.06"]
[SourceQuality "1"]

1. e4 c5 2. Nf3 d6 3. d4 cxd4 4. Nxd4 Nf6 5. Nc3 g6 6. Be2 Bg7 7. Be3 O-O 8. Qd2 Nc6 9. Nb3 Bd7 10. O-O-O Rc8 11. a3 a6 12. f4 Bg4 13. h3 Bxe2 14. Qxe2 Qc7 15. g4 Rfe8 16. f5 Ne5 17. fxg6 fxg6 18. Kb1 Nc4 19. Ka2 Nxb2 20. Rb1 Qxc3 21. Rxb2 Nxe4 22. Bc1 Qc6 23. Na5 Qd5+ 24. c4 Nc3+ 25. Ka1 Qxh1 26. Qe6+ Kh8 27. Nb3 Na4 28. Ka2 Nxb2 29. Bxb2 Qg2 0-1

[Event "CAN-op U1600 (Pinnacle 48th CAN Op Ch)"]
[Site "Toronto CAN"]
[Date "2011.07.15"]
[Round "7"]
[White "Gomes, Michael"]
[Black "Michelashvili, Alexandre"]
[Result "0-1"]
[WhiteElo "1042"]
[BlackElo "1453"]
[PlyCount "64"]
[GameId "2160767909707673"]
[EventDate "2011.07.09"]
[EventType "swiss"]
[EventRounds "9"]
[EventCountry "CAN"]
[SourceTitle "EXT 2022"]
[Source "ChessBase"]
[SourceDate "2021.10.06"]
[SourceVersion "1"]
[SourceVersionDate "2021.10.06"]
[SourceQuality "1"]

1. d4 d5 2. c4 e6 3. Bf4 Nf6 4. Nc3 Bd6 5. Bxd6 Qxd6 6. Nf3 O-O 7. e3 Qd8 8. cxd5 exd5 9. Bd3 Bg4 10. Qc2 Nc6 11. a3 Re8 12. h3 Bxf3 13. gxf3 Nxd4 14. Qd1 Nc6 15. Qc2 d4 16. Ne4 Nxe4 17. Bxe4 h6 18. Rd1 Qf6 19. Rg1 dxe3 20. fxe3 Ne5 21. Ke2 Nc6 22. Rg2 Kh8 23. Rd5 Rad8 24. Rf5 Qxf5 25. Bxf5 Nd4+ 26. Kf2 Nxc2 27. Bxc2 Rd2+ 28. Kf1 Rxg2 29. Kxg2 Rxe3 30. Kf2 Re5 31. f4 Rb5 32. b3 Rc5 0-1

[Event "CAN-op U1600 (Pinnacle 48th CAN Op Ch)"]
[Site "Toronto CAN"]
[Date "2011.07.15"]
[Round "7"]
[White "Karpik, Steve"]
[Black "Milicevic, Aleksandra"]
[Result "1/2-1/2"]
[WhiteElo "1482"]
[BlackElo "1245"]
[PlyCount "79"]
[GameId "2160767909707674"]
[EventDate "2011.07.09"]
[EventType "swiss"]
[EventRounds "9"]
[EventCountry "CAN"]
[SourceTitle "EXT 2022"]
[Source "ChessBase"]
[SourceDate "2021.10.06"]
[SourceVersion "1"]
[SourceVersionDate "2021.10.06"]
[SourceQuality "1"]

1. Nf3 Nf6 2. g3 c5 3. c4 Nc6 4. Bg2 g6 5. b3 Bg7 6. Bb2 O-O 7. O-O d6 8. d3 Bg4 9. Na3 a6 10. Nc2 Qc8 11. Rb1 Bh3 12. Re1 Bxg2 13. Kxg2 Rb8 14. d4 cxd4 15. Nfxd4 Nxd4 16. Nxd4 b5 17. cxb5 axb5 18. e4 Qc7 19. Qd3 Nd7 20. f3 Nc5 21. Qe3 b4 22. Nc2 Bxb2 23. Rxb2 Nd7 24. Rc1 Qb6 25. Qxb6 Rxb6 26. Nd4 Ne5 27. Rd2 Nd7 28. Rc7 Nc5 29. Nc6 Kg7 30. Nxe7 Ra8 31. Nc8 Rba6 32. Nxd6 Rxa2 33. Rxf7+ Kg8 34. Rxa2 Rxa2+ 35. Kh3 Nxb3 36. Rb7 Ra4 37. Rb8+ Kg7 38. Rb7+ Kg8 39. Rb8+ Kg7 40. Rb7+ 1/2-1/2

[Event "CAN-op U1600 (Pinnacle 48th CAN Op Ch)"]
[Site "Toronto CAN"]
[Date "2011.07.15"]
[Round "7"]
[White "Molev, Daniel"]
[Black "Doknjas, Joshua"]
[Result "0-1"]
[WhiteElo "1372"]
[BlackElo "1502"]
[PlyCount "78"]
[GameId "2160767909707676"]
[EventDate "2011.07.09"]
[EventType "swiss"]
[EventRounds "9"]
[EventCountry "CAN"]
[SourceTitle "EXT 2022"]
[Source "ChessBase"]
[SourceDate "2021.10.06"]
[SourceVersion "1"]
[SourceVersionDate "2021.10.06"]
[SourceQuality "1"]

1. e4 c5 2. Nf3 d6 3. Bc4 Nf6 4. Nc3 Nc6 5. d4 cxd4 6. Nxd4 e6 7. Bg5 a6 8. Nxc6 bxc6 9. e5 dxe5 10. Qxd8+ Kxd8 11. O-O-O+ Kc7 12. Rd2 Bb4 13. Rhd1 Nd5 14. Rd3 f6 15. Be3 Nxc3 16. bxc3 Ba3+ 17. Kd2 Rb8 18. Ba7 Ra8 19. Be3 Be7 20. Ke2 c5 21. f3 g5 22. g4 h5 23. h3 hxg4 24. hxg4 Rh2+ 25. Bf2 f5 26. Ke3 f4+ 27. Ke2 Rb8 28. Kf1 Rh1+ 29. Bg1 Rh4 30. Bf2 Rh8 31. Kg2 Rb6 32. Re1 Bd6 33. Red1 Bb7 34. Rxd6 e4 35. R6d2 e3 36. Bxe3 fxe3 37. Rd3 Rh2+ 38. Kg1 Bxf3 39. Re1 Rh1# 0-1

[Event "CAN-op U1600 (Pinnacle 48th CAN Op Ch)"]
[Site "Toronto CAN"]
[Date "2011.07.15"]
[Round "7"]
[White "Muntaner, Daniel"]
[Black "Termeer, Ted"]
[Result "1-0"]
[WhiteElo "1252"]
[BlackElo "1403"]
[PlyCount "60"]
[GameId "2160767909707677"]
[EventDate "2011.07.09"]
[EventType "swiss"]
[EventRounds "9"]
[EventCountry "CAN"]
[SourceTitle "EXT 2022"]
[Source "ChessBase"]
[SourceDate "2021.10.06"]
[SourceVersion "1"]
[SourceVersionDate "2021.10.06"]
[SourceQuality "1"]

1. e4 c5 2. Nf3 d6 3. d4 cxd4 4. Nxd4 Bd7 5. Nc3 a6 6. Bc4 e6 7. Be3 g6 8. O-O Bg7 9. Nf3 Qc7 10. Bb3 Bxc3 11. bxc3 f6 12. Re1 Nc6 13. Nd4 Nd8 14. Qg4 e5 15. Ne6 Qc8 16. Ng7+ Kf8 17. Nf5 gxf5 18. exf5 Bxf5 19. Qb4 Qc7 20. Rad1 Nc6 21. Qc4 Bg6 22. Rxd6 Rd8 23. Rxd8+ Qxd8 24. Bc5+ Nge7 25. f4 Qe8 26. fxe5 Nxe5 27. Qe6 Qf7 28. Qxf7+ Bxf7 29. Bd6 h5 30. Bxe5 fxe5 1-0

[Event "CAN-op U1600 (Pinnacle 48th CAN Op Ch)"]
[Site "Toronto CAN"]
[Date "2011.07.15"]
[Round "7"]
[White "Noritsyn, Sergey"]
[Black "Smith, Maurice"]
[Result "1-0"]
[WhiteElo "1491"]
[BlackElo "1588"]
[PlyCount "55"]
[GameId "2160767909707678"]
[EventDate "2011.07.09"]
[EventType "swiss"]
[EventRounds "9"]
[EventCountry "CAN"]
[SourceTitle "EXT 2022"]
[Source "ChessBase"]
[SourceDate "2021.10.06"]
[SourceVersion "1"]
[SourceVersionDate "2021.10.06"]
[SourceQuality "1"]

1. b3 d5 2. e3 e5 3. Bb2 Bd6 4. Nf3 Nc6 5. Bb5 Qe7 6. d4 e4 7. Ne5 Bd7 8. Bxc6 Bxc6 9. Nxc6 bxc6 10. c4 Nf6 11. c5 Bxc5 12. dxc5 Qxc5 13. O-O O-O-O 14. Nd2 h5 15. Rc1 Qd6 16. Re1 Ng4 17. Nf1 Qe6 18. Qc2 Rh6 19. Qe2 Kd7 20. Rc2 Qf5 21. Ng3 Qg5 22. Rd1 Ke8 23. Qa6 c5 24. Qb5+ c6 25. Qxc5 Rg6 26. Ba3 Rgd6 27. Nxe4 Qe5 28. Nxd6+ 1-0

[Event "CAN-op U1600 (Pinnacle 48th CAN Op Ch)"]
[Site "Toronto CAN"]
[Date "2011.07.15"]
[Round "7"]
[White "Siu, Wayne"]
[Black "Maguire, Jack"]
[Result "1-0"]
[WhiteElo "1527"]
[BlackElo "1575"]
[PlyCount "82"]
[GameId "2160767909707680"]
[EventDate "2011.07.09"]
[EventType "swiss"]
[EventRounds "9"]
[EventCountry "CAN"]
[SourceTitle "EXT 2022"]
[Source "ChessBase"]
[SourceDate "2021.10.06"]
[SourceVersion "1"]
[SourceVersionDate "2021.10.06"]
[SourceQuality "1"]

1. b3 d5 2. Bb2 c5 3. e3 Nc6 4. f4 Nf6 5. Nf3 Bg4 6. Be2 e6 7. O-O Be7 8. Ne5 Bxe2 9. Qxe2 O-O 10. Nxc6 bxc6 11. c4 d4 12. e4 e5 13. f5 a5 14. d3 a4 15. Nd2 Qb6 16. Rab1 a3 17. Bc1 Rfb8 18. Nf3 Nd7 19. Ne1 Qd8 20. Nc2 Bg5 21. Bxa3 Be3+ 22. Kh1 Qh4 23. Rf3 Bf4 24. g4 Nf6 25. Bc1 Bxc1 26. Rxc1 Nxg4 27. Rff1 Rd8 28. Rf3 Rd6 29. Qg2 Rh6 30. h3 f6 31. Kg1 Ne3 32. Nxe3 dxe3 33. Rxe3 Rg6 34. Rg3 Re8 35. Kh2 Rg5 36. Rxg5 fxg5 37. Qg3 Qf4 38. Qxf4 gxf4 39. Kg2 h5 40. Kf3 Kf7 41. a4 Kf6 1-0

[Event "CAN-op U1600 (Pinnacle 48th CAN Op Ch)"]
[Site "Toronto CAN"]
[Date "2011.07.15"]
[Round "7"]
[White "Souchko, Larissa"]
[Black "Cvetkovic, Milan"]
[Result "1-0"]
[WhiteElo "1151"]
[BlackElo "1208"]
[PlyCount "59"]
[GameId "2160767909707681"]
[EventDate "2011.07.09"]
[EventType "swiss"]
[EventRounds "9"]
[EventCountry "CAN"]
[SourceTitle "EXT 2022"]
[Source "ChessBase"]
[SourceDate "2021.10.06"]
[SourceVersion "1"]
[SourceVersionDate "2021.10.06"]
[SourceQuality "1"]

1. e4 e6 2. d4 d5 3. Nc3 Bb4 4. Bd3 Ne7 5. e5 c5 6. Be3 Nbc6 7. Bb5 cxd4 8. Bxd4 Bd7 9. Nge2 Ng6 10. Bxc6 Bxc6 11. O-O O-O 12. f4 f6 13. exf6 gxf6 14. f5 exf5 15. Rxf5 Qe7 16. Nf4 Bc5 17. Kh1 Nxf4 18. Qg4+ Ng6 19. Bxc5 Qxc5 20. h4 Kf7 21. Raf1 Ke8 22. h5 Bd7 23. Qe2+ Kd8 24. Rxd5 Qe7 25. hxg6 hxg6 26. Qd3 Rh8+ 27. Kg1 Kc7 28. Rd1 Bf5 29. Nb5+ Kb8 30. Qg3+ 1-0

[Event "CAN-op U1600 (Pinnacle 48th CAN Op Ch)"]
[Site "Toronto CAN"]
[Date "2011.07.15"]
[Round "7"]
[White "Xu, Jeffrey"]
[Black "McRoberts, Julian"]
[Result "1-0"]
[WhiteElo "1275"]
[BlackElo "1492"]
[PlyCount "83"]
[GameId "2160767909707683"]
[EventDate "2011.07.09"]
[EventType "swiss"]
[EventRounds "9"]
[EventCountry "CAN"]
[SourceTitle "EXT 2022"]
[Source "ChessBase"]
[SourceDate "2021.10.06"]
[SourceVersion "1"]
[SourceVersionDate "2021.10.06"]
[SourceQuality "1"]

1. e4 e6 2. Nc3 d5 3. exd5 exd5 4. d4 Nf6 5. Bg5 Be7 6. Bd3 h6 7. Bh4 a6 8. Qe2 O-O 9. Nf3 Re8 10. O-O c6 11. a3 Bxa3 12. Qd2 Be7 13. Ne5 Nbd7 14. f4 Nxe5 15. fxe5 Ne4 16. Bxe4 Bxh4 17. Bf5 Bg5 18. Qf2 Qe7 19. g3 Bxf5 20. h4 Bxh4 21. gxh4 Qe6 22. Qxf5 g6 23. Qf4 h5 24. Kh2 Kg7 25. Na4 Kg8 26. Nc5 Qe7 27. Qf6 Qxf6 28. Rxf6 Re7 29. Nb3 Re6 30. Rxe6 fxe6 31. Rf1 b6 32. Rf6 Rf8 33. Rxf8+ Kxf8 34. Kg3 Kg7 35. Kf3 Kh7 36. Kf4 Kh6 37. Nd2 c5 38. Nf3 a5 39. Ke3 c4 40. Ng5 a4 41. Kd2 b5 42. Kc3 1-0

[Event "CAN-op U1600 (Pinnacle 48th CAN Op Ch)"]
[Site "Toronto CAN"]
[Date "2011.07.15"]
[Round "7"]
[White "Yie, Kevin Yi Xiao"]
[Black "Vera, Jesus"]
[Result "1-0"]
[WhiteElo "1431"]
[BlackElo "1324"]
[PlyCount "95"]
[GameId "2160767909707684"]
[EventDate "2011.07.09"]
[EventType "swiss"]
[EventRounds "9"]
[EventCountry "CAN"]
[SourceTitle "EXT 2022"]
[Source "ChessBase"]
[SourceDate "2021.10.06"]
[SourceVersion "1"]
[SourceVersionDate "2021.10.06"]
[SourceQuality "1"]

1. d4 d5 2. c4 c6 3. Nf3 h6 4. Bf4 Nd7 5. e3 Ngf6 6. h3 e6 7. Nc3 Bb4 8. Rc1 Ne4 9. Bd3 Ndf6 10. O-O Nxc3 11. bxc3 Bd6 12. Bxd6 Qxd6 13. cxd5 cxd5 14. Qb3 O-O 15. c4 b6 16. c5 bxc5 17. Rxc5 Ba6 18. Rfc1 Bxd3 19. Qxd3 Ne4 20. Rc6 Qb4 21. Rb1 Qa4 22. Ra6 Qc4 23. Qa3 Rfc8 24. Rxa7 Rxa7 25. Qxa7 Nxf2 26. Ne5 Qc2 27. Qxf7+ Kh7 28. Rf1 Nd1 29. Qf3 Nc3 30. a3 Nb1 31. Qg4 Re8 32. e4 g5 33. exd5 Nd2 34. Qe2 Qc3 35. Rf7+ Kg8 36. Rd7 Qxd4+ 37. Qf2 Qxe5 38. dxe6 Qxe6 39. Qxd2 Qe3+ 40. Kf1 Qxd2 41. Rxd2 Re6 42. a4 Kf8 43. Kf2 Ke7 44. a5 Ra6 45. Kf3 h5 46. Ke4 Kf6 47. Kd5 Ke7 48. Kc5 1-0

[Event "CAN-op U1600 (Pinnacle 48th CAN Op Ch)"]
[Site "Toronto CAN"]
[Date "2011.07.15"]
[Round "7"]
[White "Zhong, Joey"]
[Black "Lean, Nathan"]
[Result "0-1"]
[WhiteElo "1123"]
[BlackElo "1515"]
[PlyCount "104"]
[GameId "2160767909707685"]
[EventDate "2011.07.09"]
[EventType "swiss"]
[EventRounds "9"]
[EventCountry "CAN"]
[SourceTitle "EXT 2022"]
[Source "ChessBase"]
[SourceDate "2021.10.06"]
[SourceVersion "1"]
[SourceVersionDate "2021.10.06"]
[SourceQuality "1"]

1. Nf3 Nf6 2. g3 d5 3. Bg2 Nc6 4. d3 e5 5. O-O Bc5 6. Nbd2 O-O 7. c4 e4 8. dxe4 dxe4 9. Ng5 e3 10. Nde4 Qxd1 11. Rxd1 exf2+ 12. Kf1 Nxe4 13. Nxe4 Bd4 14. Nxf2 Bxf2 15. Kxf2 Ne5 16. b3 c6 17. Bf4 Ng6 18. e3 Re8 19. Rd2 Bf5 20. Rad1 h6 21. Rf1 Ne5 22. Bxe5 Rxe5 23. Rd4 Rae8 24. Bf3 Be4 25. Bxe4 Rxe4 26. Rxe4 Rxe4 27. Rd1 Kf8 28. Rd7 Re7 29. Rd8+ Re8 30. Rxe8+ Kxe8 31. Kf3 Ke7 32. e4 Ke6 33. Ke3 Ke5 34. h3 g5 35. b4 b6 36. c5 bxc5 37. bxc5 a6 38. a4 a5 39. Kd3 h5 40. Ke3 h4 41. g4 f6 42. Kd3 Kf4 43. Kd4 Kg3 44. e5 fxe5+ 45. Kxe5 Kxh3 46. Kf5 Kg3 47. Kxg5 h3 48. Kf5 h2 49. g5 h1=Q 50. g6 Qh8 51. Ke4 Qg7 52. Kf5 Kh4 0-1

[Event "CAN-op U1600 (Pinnacle 48th CAN Op Ch)"]
[Site "Toronto CAN"]
[Date "2011.07.16"]
[Round "8"]
[White "Brown, John"]
[Black "Archibald, Colin"]
[Result "0-1"]
[WhiteElo "1561"]
[BlackElo "1376"]
[PlyCount "102"]
[GameId "2160767909707686"]
[EventDate "2011.07.09"]
[EventType "swiss"]
[EventRounds "9"]
[EventCountry "CAN"]
[SourceTitle "EXT 2022"]
[Source "ChessBase"]
[SourceDate "2021.10.06"]
[SourceVersion "1"]
[SourceVersionDate "2021.10.06"]
[SourceQuality "1"]

1. Nc3 d5 2. d4 Bf5 3. g3 h6 4. Bg2 Nf6 5. f3 e6 6. e4 dxe4 7. fxe4 Bg4 8. Nge2 Bb4 9. a3 Bxc3+ 10. bxc3 c6 11. O-O Nbd7 12. Bf4 Nb6 13. Qd3 Bxe2 14. Qxe2 Qe7 15. a4 Nbd7 16. e5 Nd5 17. Bd2 g6 18. Rfb1 Rb8 19. c4 Nc7 20. Rb3 f5 21. Rab1 Kf7 22. Bb4 c5 23. dxc5 Nxc5 24. Ba3 b6 25. a5 N7a6 26. axb6 Rxb6 27. Rxb6 axb6 28. Rxb6 Qa7 29. Bxc5 Nxc5 30. Rb1 Ne4+ 31. Kf1 Nc3 32. Rb7+ Qxb7 33. Bxb7 Nxe2 34. Kxe2 Rb8 35. Ba6 Rb1 36. c5 Ra1 37. Bb7 Ke7 38. c6 Kd8 39. Kd3 Kc7 40. Ke3 Ra4 41. h3 Ra5 42. g4 fxg4 43. hxg4 Rxe5+ 44. Kf4 Rc5 45. Ba6 Kxc6 46. Bd3 g5+ 47. Kf3 Kd5 48. Bg6 Rc3+ 49. Kf2 Kd4 50. Bh7 e5 51. Bf5 e4 0-1

[Event "CAN-op U1600 (Pinnacle 48th CAN Op Ch)"]
[Site "Toronto CAN"]
[Date "2011.07.16"]
[Round "8"]
[White "Cui, Gordon"]
[Black "Supol, George"]
[Result "0-1"]
[WhiteElo "1303"]
[BlackElo "1401"]
[PlyCount "122"]
[GameId "2160767909707687"]
[EventDate "2011.07.09"]
[EventType "swiss"]
[EventRounds "9"]
[EventCountry "CAN"]
[SourceTitle "EXT 2022"]
[Source "ChessBase"]
[SourceDate "2021.10.06"]
[SourceVersion "1"]
[SourceVersionDate "2021.10.06"]
[SourceQuality "1"]

1. e4 c6 2. d4 d5 3. exd5 cxd5 4. Nc3 Nf6 5. Nf3 e6 6. Bg5 h6 7. Bh4 Be7 8. Bb5+ Bd7 9. Bxd7+ Nbxd7 10. O-O O-O 11. Re1 a6 12. Ne5 Nxe5 13. dxe5 Ne4 14. Bxe7 Qxe7 15. Nxe4 dxe4 16. Rxe4 Rfd8 17. Rd4 Rxd4 18. Qxd4 Rd8 19. Qe3 Qc7 20. c3 Qd7 21. h3 Qb5 22. b3 Qc6 23. c4 Qd7 24. Qc5 Qd4 25. Qxd4 Rxd4 26. Kf1 g5 27. Re1 Kg7 28. Re3 h5 29. f3 h4 30. Ke2 Kg6 31. Rd3 Rxd3 32. Kxd3 Kf5 33. Ke3 Kxe5 34. b4 f5 35. a4 b6 36. Kd3 Kd6 37. c5+ bxc5 38. b5 axb5 39. axb5 Kd5 40. Kc3 e5 41. b6 Kc6 42. Kc4 Kxb6 43. Kd5 Kb5 44. Kxe5 c4 45. Kd4 Kb4 46. Ke3 Kb3 47. Kd2 Kb2 48. Ke3 c3 49. Kd4 c2 50. Ke5 c1=Q 51. Kxf5 Qf4+ 52. Kg6 Qg3 53. Kh5 Qxg2 54. Kh6 Qxh3 55. Kxg5 Qg3+ 56. Kf5 Qxf3+ 57. Kg5 h3 58. Kg6 h2 59. Kg7 h1=Q 60. Kg8 Qg1+ 61. Kh8 Qh3# 0-1

[Event "CAN-op U1600 (Pinnacle 48th CAN Op Ch)"]
[Site "Toronto CAN"]
[Date "2011.07.16"]
[Round "8"]
[White "France, Kyle"]
[Black "Souchko, Larissa"]
[Result "1-0"]
[WhiteElo "1490"]
[BlackElo "1157"]
[PlyCount "47"]
[GameId "2160767909707689"]
[EventDate "2011.07.09"]
[EventType "swiss"]
[EventRounds "9"]
[EventCountry "CAN"]
[SourceTitle "EXT 2022"]
[Source "ChessBase"]
[SourceDate "2021.10.06"]
[SourceVersion "1"]
[SourceVersionDate "2021.10.06"]
[SourceQuality "1"]

1. f4 d5 2. Nf3 Nf6 3. e3 Nc6 4. Bb5 Bd7 5. Bxc6 bxc6 6. Nc3 Bg4 7. h3 Bxf3 8. Qxf3 e6 9. d3 Rb8 10. O-O Be7 11. e4 d4 12. Ne2 c5 13. f5 O-O 14. e5 Nd7 15. f6 Nxe5 16. Qg3 Bxf6 17. Rxf6 Qxf6 18. Bg5 Qg6 19. Qxe5 Rbe8 20. Qxc5 e5 21. Be7 c6 22. Bxf8 Rxf8 23. Qxe5 Qh6 24. Nxd4 1-0

[Event "CAN-op U1600 (Pinnacle 48th CAN Op Ch)"]
[Site "Toronto CAN"]
[Date "2011.07.16"]
[Round "8"]
[White "Li, Robert"]
[Black "Karpik, Steve"]
[Result "0-1"]
[WhiteElo "1347"]
[BlackElo "1482"]
[PlyCount "58"]
[GameId "2160767909707690"]
[EventDate "2011.07.09"]
[EventType "swiss"]
[EventRounds "9"]
[EventCountry "CAN"]
[SourceTitle "EXT 2022"]
[Source "ChessBase"]
[SourceDate "2021.10.06"]
[SourceVersion "1"]
[SourceVersionDate "2021.10.06"]
[SourceQuality "1"]

1. e4 d6 2. d4 Nf6 3. Nc3 g6 4. h3 Bg7 5. Nf3 O-O 6. Be3 Re8 7. Bd3 a6 8. O-O e5 9. d5 Bd7 10. Ne2 b5 11. c4 c5 12. a3 bxc4 13. Bxc4 Nxe4 14. b4 Qc8 15. bxc5 Nxc5 16. Rb1 f5 17. Bxc5 Qxc5 18. Qb3 h6 19. Rfc1 Qa7 20. Qb6 Bf8 21. Nh4 Kg7 22. Ba2 Qxb6 23. Rxb6 Bb5 24. Ng3 Nd7 25. Ngxf5+ gxf5 26. Nxf5+ Kg6 27. Nxd6 Nxb6 28. Nxe8 Rxe8 29. Rb1 Bxa3 0-1

[Event "CAN-op U1600 (Pinnacle 48th CAN Op Ch)"]
[Site "Toronto CAN"]
[Date "2011.07.16"]
[Round "8"]
[White "McRoberts, Julian"]
[Black "Gomes, Michael"]
[Result "0-1"]
[WhiteElo "1492"]
[BlackElo "1042"]
[PlyCount "48"]
[GameId "2160767909707691"]
[EventDate "2011.07.09"]
[EventType "swiss"]
[EventRounds "9"]
[EventCountry "CAN"]
[SourceTitle "EXT 2022"]
[Source "ChessBase"]
[SourceDate "2021.10.06"]
[SourceVersion "1"]
[SourceVersionDate "2021.10.06"]
[SourceQuality "1"]

1. e4 c5 2. Nf3 d6 3. d4 cxd4 4. Nxd4 Nf6 5. Nc3 Nc6 6. h3 g6 7. Nxc6 bxc6 8. Bf4 Bg7 9. Rb1 e5 10. Bd2 O-O 11. Qc1 d5 12. Bd3 Qd6 13. O-O Rd8 14. Bg5 Bb7 15. a4 d4 16. Ne2 c5 17. Ng3 Rd7 18. f4 c4 19. fxe5 Qxe5 20. Bf4 Qc5 21. e5 cxd3 22. exf6 dxc2 23. Ra1 Bxf6 24. Ne4 Bxe4 0-1